| 000 | 01067nac a22003137a 4500 | ||
|---|---|---|---|
| 001 | BR7804912 | ||
| 003 | BR-BrBNA | ||
| 005 | 20240105114253.0 | ||
| 008 | 230509b bl.|||m| |||| 00| 0 por d | ||
| 040 |
_aBR-BrBNA _bpor _cBiblioteca Nacional de Agricultura |
||
| 072 | _aE70; E15; L00 | ||
| 090 | _a5213 BR7804912 | ||
| 100 | 1 | _aMueller, C.C. | |
| 110 | 1 |
_aFundacao Universidade de Brasilia, DF (Brasil). Depto. de Economia _95043 |
|
| 245 | 1 | _aO ciclo do gado e as politicas de controle nos mercados do gado e da carne - resenha historica e modelo teorico [Brasil] | |
| 260 | 3 |
_aBrasilia, DF (Brasil): _c1978. |
|
| 300 | _a66 p. | ||
| 490 |
_aTexto para Discussao - Fundacao Universidade de Brasilia. Depto. de Economia (Brazil) _vno. 50 _x |
||
| 650 | _aComercializacao | ||
| 650 | _aMicroeconomia | ||
| 650 | _aProducao vegetal | ||
| 650 | _aGado de corte | ||
| 650 | _aCarne | ||
| 650 | _aMercado nacional | ||
| 650 | _aPreco | ||
| 650 | _aPolitica governamental | ||
| 909 |
_a202312 _bLúcia Elande _c55 _dLúcia Elande |
||
| 942 |
_2AGRIS _n0 _cMS |
||
| 999 |
_c268378 _d268378 |
||